Countries That Decreased in Population in 2022 - Statistics

General Stats
  • This quiz has been taken 65 times
  • The average score is 19 of 30
Answer Stats
Decline in Percent Country % Correct
-0.1 United Kingdom
98%
-14.2 Ukraine
96%
-0.4 Japan
91%
-0.9 Romania
86%
-6.2 Bulgaria
84%
-1.2 Bosnia and Herzegovina
82%
-0.3 Slovakia
82%
-0.5 Poland
80%
-0.2 South Korea
80%
-0.6 Croatia
79%
-0.3 Hungary
79%
-0.4 North Macedonia
79%
-1.1 Serbia
79%
-1.3 Albania
77%
-1.0 Belarus
73%
-0.7 Greece
73%
-0.1 Latvia
73%
-0.9 Moldova
73%
-0.4 Italy
70%
-1.4 Kosovo
70%
-0.5 Montenegro
63%
-0.4 Armenia
50%
-0.3 San Marino
50%
-0.4 Cuba
45%
-1.9 Lebanon
39%
-0.6 Monaco
38%
-0.1 Uruguay
18%
-1.2 Marshall Islands
9%
-0.3 Mauritius
9%
-0.4 St. Vincent and the Grenadines
9%
No matching quizzes found
Score Distribution
Percent of People with Each Score
Percentile by Number Answered
Your Score History
You have not taken this quiz